000 00611cam a2200229 4500
001 M88898
008 090401t1975 xxu||||| |||| 00| 0 eng d
035 _a(Sirsi) u83293
041 _aeng
050 _a333.335
110 _aAgricultural Development Advisory Service
_93357
245 _aFarm rents in England and Wales [1974]
260 _aPinner, Middx
_bMAFF Publications
_c1975
300 _a24p. ; 30cm.
350 _a0
490 _aADAS Technical Report
_v19/6
520 _aResults of 1974 enquiry.
650 _aFARM RENTS
690 _aRURAL PRACTICE
942 _n0
948 _c23/01/1998
999 _c96881
_d96881